| 000 | 00690nam a22002057a 4500 | ||
|---|---|---|---|
| 003 | JO-AjAnu | ||
| 005 | 20241127112529.0 | ||
| 008 | 241127b jo ||||| |||| 00| 0 ara d | ||
| 020 | _a9781801571364 | ||
| 040 |
_aJO-AjAnu _beng _cJO-AjAnu _dJO-AjAnu _erda |
||
| 041 |
_aeng _heng |
||
| 050 | _aQA76.76 | ||
| 100 | 0 |
_aSMITH, MICHAEL _eauther _966454 |
|
| 245 | 1 | 0 |
_aPROGRAMMING AND CYBERSECURITY _b 3BOOKS IN 1 Learn Python Programming + python coding and programming + A beginnres Guide to kali linux _cMICHAEL SMITH , MICHAEARN |
| 260 | _bPYTHON | ||
| 300 | _a497 page | ||
| 650 | 7 | 0 |
_aPROGRAMMING AND CYBERSECURITY _966455 |
| 700 | 0 |
_aLEARN,MICHAEL _eauthor _966456 |
|
| 942 |
_2lcc _cBK _n0 |
||
| 999 |
_c33859 _d33859 |
||